Free trade area membership as a stepping stone to development
Wedi'i Gadw mewn:
| Prif Awdur: | |
|---|---|
| Fformat: | Llyfr |
| Iaith: | Undetermined |
| Cyhoeddwyd: |
Washington, D. C.
The World Bank
2001
|
| Pynciau: | |
| Tagiau: |
Ychwanegu Tag
Dim Tagiau, Byddwch y cyntaf i dagio'r cofnod hwn!
|
| Thư viện lưu trữ: | Trung tâm Học liệu Trường Đại học Cần Thơ |
|---|
| LEADER | 00567nam a2200193Ia 4500 | ||
|---|---|---|---|
| 001 | CTU_61737 | ||
| 008 | 210402s9999 xx 000 0 und d | ||
| 082 | |a 382.9159 | ||
| 082 | |b F961 | ||
| 100 | |a Fukase, Emiko | ||
| 245 | 0 | |a Free trade area membership as a stepping stone to development | |
| 245 | 0 | |c Emiko Fukase and Will Martin | |
| 260 | |a Washington, D. C. | ||
| 260 | |b The World Bank | ||
| 260 | |c 2001 | ||
| 650 | |a Asia, southeastern | ||
| 650 | |x Economic conditions | ||
| 904 | |i Minh,Hải | ||
| 980 | |a Trung tâm Học liệu Trường Đại học Cần Thơ | ||